|
|
|
|
| LEADER |
00000nam0a2200000 4500 |
| 001 |
268192 |
| 005 |
20231101234139.0 |
| 035 |
|
|
|a (RuTPU)RU\TPU\book\291324
|
| 090 |
|
|
|a 268192
|
| 100 |
|
|
|a 20140828d1986 k y0rusy50 ca
|
| 101 |
0 |
|
|a rus
|
| 102 |
|
|
|a RU
|
| 105 |
|
|
|a a z 001zy
|
| 200 |
1 |
|
|a Квазиклассические методы в теории трехчастичного рассеяния
|f В. С. Потапов
|g Московский государственный университет им. М. В. Ломоносова (МГУ)
|
| 210 |
|
|
|a Москва
|c Изд-во Московского ун-та
|d 1986
|
| 215 |
|
|
|a 109 с.
|c ил.
|
| 320 |
|
|
|a Библиогр.: с. 107-108.
|
| 606 |
1 |
|
|a Квантовая физика
|2 stltpush
|3 (RuTPU)RU\TPU\subj\42126
|9 61861
|
| 610 |
1 |
|
|a квазиклассические методы
|
| 610 |
1 |
|
|a теория рассеяния
|
| 610 |
1 |
|
|a неупругое рассеяние
|
| 610 |
1 |
|
|a трехмерное движение
|
| 610 |
1 |
|
|a волновые функции
|
| 610 |
1 |
|
|a асимптотический анализ
|
| 675 |
|
|
|a 530.145.6
|v 3
|
| 700 |
|
1 |
|a Потапов
|b В. С.
|g Владимир Семенович
|
| 712 |
0 |
2 |
|a Московский государственный университет им. М. В. Ломоносова (МГУ)
|2 stltpush
|3 (RuTPU)RU\TPU\col\7
|
| 801 |
|
1 |
|a RU
|b 63413507
|c 20140828
|
| 801 |
|
2 |
|a RU
|b 63413507
|c 20151127
|g RCR
|
| 942 |
|
|
|c BK
|